000 00625nam a22002417a 4500
003 UA-OsUOA
001 30122
007 ta
008 20041105b un ||||| |||| 00| 0 ukr d
100 _aПлясун Я.Г.
090 _a32(091)(611)
_bП40
942 _cBK
040 _aUA-OsUOA
_bukr
_cUA-OsUOA
_dUA-OsUOA
245 _aТуніська республіка
_bДержавно-політичний розвиток
300 _a192 с.
955 _a0
041 _aukr
080 _a32(091)(611)
260 _aКиїв
_bНаукова думка
_c1971
044 _aUA
650 7 _2UDC
999 _c316529
_d316529